[Event "European Chess Club Cup 2023"]
[Site "Durres, Albania"]
[Date "2023.10.02"]
[Round "2.20"]
[White "Moussard, Jules"]
[Black "Gines Esteo, Pedro Antonio"]
[Result "1/2-1/2"]
[TimeControl "90' + 30' & 30\""]
[WhiteElo "2642"]
[BlackElo "2490"]

1. e4 {[%clk 01:30:57]} {[%emt 00:00:03]} e5 {[%clk 01:30:38]} {[%emt
00:00:22]} 2. Nf3 {[%clk 01:31:20]} {[%emt 00:00:07]} Nc6 {[%clk 01:31:01]}
{[%emt 00:00:08]} 3. Bb5 {[%clk 01:31:42]} {[%emt 00:00:07]} Nf6 {[%clk
01:30:56]} {[%emt 00:00:36]} 4. d3 {[%clk 01:31:45]} {[%emt 00:00:28]} Bc5
{[%clk 01:30:36]} {[%emt 00:00:48]} 5. c3 {[%clk 01:31:47]} {[%emt 00:00:29]}
O-O {[%clk 01:29:16]} {[%emt 00:01:50]} 6. O-O {[%clk 01:32:08]} {[%emt
00:00:08]} d5 {[%clk 01:22:13]} {[%emt 00:07:34]} 7. Nbd2 {[%clk 01:32:22]}
{[%emt 00:00:16]} dxe4 {[%clk 01:19:37]} {[%emt 00:03:06]} 8. dxe4 {[%clk
01:32:45]} {[%emt 00:00:07]} Qe7 {[%clk 01:20:01]} {[%emt 00:00:05]} 9. h3
{[%clk 01:32:22]} {[%emt 00:00:54]} Rd8 {[%clk 01:18:50]} {[%emt 00:01:41]} 10.
Qc2 {[%clk 01:31:56]} {[%emt 00:00:56]} a5 {[%clk 01:15:08]} {[%emt 00:04:12]}
11. a4 {[%clk 01:32:19]} {[%emt 00:00:07]} Nb8 {[%clk 01:11:48]} {[%emt
00:03:50]} 12. Re1 {[%clk 01:32:06]} {[%emt 00:00:44]} Ne8 {[%clk 00:58:13]}
{[%emt 00:14:04]} 13. Nf1 {[%clk 01:24:06]} {[%emt 00:08:29]} Nd6 {[%clk
00:55:54]} {[%emt 00:02:51]} 14. Be2 {[%clk 01:18:40]} {[%emt 00:05:56]} f6
{[%clk 00:44:58]} {[%emt 00:11:26]} 15. Rb1 {[%clk 01:14:21]} {[%emt 00:04:49]}
Be6 {[%clk 00:39:57]} {[%emt 00:05:31]} 16. b4 {[%clk 01:12:28]} {[%emt
00:02:23]} Bb6 {[%clk 00:39:54]} {[%emt 00:00:33]} 17. Be3 {[%clk 01:01:26]}
{[%emt 00:11:32]} Nd7 {[%clk 00:28:41]} {[%emt 00:11:43]} 18. N3d2 {[%clk
00:58:00]} {[%emt 00:03:55]} Qf7 {[%clk 00:21:27]} {[%emt 00:07:45]} 19. c4
{[%clk 00:45:03]} {[%emt 00:13:27]} Bxe3 {[%clk 00:15:38]} {[%emt 00:06:19]} 20.
Nxe3 {[%clk 00:45:28]} {[%emt 00:00:06]} axb4 {[%clk 00:14:13]} {[%emt
00:01:55]} 21. c5 {[%clk 00:42:39]} {[%emt 00:03:18]} b3 {[%clk 00:14:03]}
{[%emt 00:00:40]} 22. Qc3 {[%clk 00:32:35]} {[%emt 00:10:34]} Nc8 {[%clk
00:14:17]} {[%emt 00:00:16]} 23. c6 {[%clk 00:17:10]} {[%emt 00:15:55]} bxc6
{[%clk 00:14:23]} {[%emt 00:00:24]} 24. a5 {[%clk 00:17:36]} {[%emt 00:00:04]}
Nd6 {[%clk 00:03:24]} {[%emt 00:11:28]} 25. Qxc6 {[%clk 00:14:23]} {[%emt
00:03:43]} Rdb8 {[%clk 00:03:18]} {[%emt 00:00:37]} 26. Rb2 {[%clk 00:08:27]}
{[%emt 00:06:26]} Nf8 {[%clk 00:00:32]} {[%emt 00:03:17]} 27. a6 {[%clk
00:07:59]} {[%emt 00:00:58]} Qd7 {[%clk 00:00:37]} {[%emt 00:00:26]} 28. Rc1
{[%clk 00:07:37]} {[%emt 00:00:52]} Qxc6 {[%clk 00:00:33]} {[%emt 00:00:35]} 29.
Rxc6 {[%clk 00:08:06]} Ra7 {[%clk 00:00:32]} {[%emt 00:00:31]} 30. Nd5 {[%clk
00:08:20]} {[%emt 00:00:16]} Bxd5 {[%clk 00:00:33]} {[%emt 00:00:29]} 31. exd5
{[%clk 00:08:48]} {[%emt 00:00:01]} Rb6 {[%clk 00:00:31]} {[%emt 00:00:32]} 32.
Rxb6 {[%clk 00:05:57]} {[%emt 00:03:21]} cxb6 {[%clk 00:01:00]} {[%emt
00:00:01]} 33. Nc4 {[%clk 00:06:15]} {[%emt 00:00:11]} Rxa6 {[%clk 00:00:40]}
{[%emt 00:00:50]} 34. Nxd6 {[%clk 00:06:40]} {[%emt 00:00:05]} Ra2 {[%clk
00:01:06]} {[%emt 00:00:05]} 35. Rxb3 {[%clk 00:04:02]} {[%emt 00:03:08]} Rxe2
{[%clk 00:01:30]} {[%emt 00:00:05]} 36. Rxb6 {[%clk 00:04:30]} {[%emt
00:00:02]} Rd2 {[%clk 00:00:59]} {[%emt 00:01:02]} 37. Nf5 {[%clk 00:04:48]}
{[%emt 00:00:11]} g6 {[%clk 00:00:32]} {[%emt 00:00:57]} 38. Ne3 {[%clk
00:01:47]} {[%emt 00:03:31]} f5 {[%clk 00:00:53]} {[%emt 00:00:10]} 39. Kf1
{[%clk 00:02:09]} {[%emt 00:00:08]} h5 {[%clk 00:00:41]} {[%emt 00:00:42]} 40.
Rb5 {[%clk 00:01:10]} {[%emt 00:01:28]} 1/2-1/2

[Event "European Chess Club Cup 2023"]
[Site "Durres, Albania"]
[Date "2023.10.02"]
[Round "2.21"]
[White "Lopez Mulet, Inigo"]
[Black "Movsesian, Sergei"]
[Result "0-1"]
[TimeControl "90' + 30' & 30\""]
[WhiteElo "2414"]
[BlackElo "2606"]

1. d4 {[%clk 01:30:53]} {[%emt 00:00:08]} Nf6 {[%clk 01:30:52]} {[%emt
00:00:07]} 2. c4 {[%clk 01:31:09]} {[%emt 00:00:15]} e6 {[%clk 01:31:04]}
{[%emt 00:00:18]} 3. g3 {[%clk 01:31:10]} {[%emt 00:00:29]} d5 {[%clk
01:30:46]} {[%emt 00:00:48]} 4. Bg2 {[%clk 01:31:27]} {[%emt 00:00:12]} dxc4
{[%clk 01:30:49]} {[%emt 00:00:27]} 5. Nf3 {[%clk 01:31:35]} {[%emt 00:00:23]}
c6 {[%clk 01:30:54]} {[%emt 00:00:25]} 6. O-O {[%clk 01:22:46]} {[%emt
00:09:18]} b5 {[%clk 01:27:04]} {[%emt 00:04:20]} 7. Ne5 {[%clk 01:19:18]}
{[%emt 00:03:59]} Bb7 {[%clk 01:26:25]} {[%emt 00:01:08]} 8. a4 {[%clk
01:19:39]} {[%emt 00:00:09]} a6 {[%clk 01:25:13]} {[%emt 00:01:42]} 9. axb5
{[%clk 01:15:50]} {[%emt 00:04:20]} axb5 {[%clk 01:25:30]} {[%emt 00:00:11]} 10.
Rxa8 {[%clk 01:16:14]} {[%emt 00:00:07]} Bxa8 {[%clk 01:25:57]} {[%emt
00:00:03]} 11. Nc3 {[%clk 01:16:35]} {[%emt 00:00:09]} Be7 {[%clk 01:14:20]}
{[%emt 00:12:06]} 12. Nxb5 {[%clk 01:13:03]} {[%emt 00:04:02]} cxb5 {[%clk
01:12:56]} {[%emt 00:01:54]} 13. Bxa8 {[%clk 01:13:27]} {[%emt 00:00:08]} O-O
{[%clk 01:13:16]} {[%emt 00:00:08]} 14. Bg2 {[%clk 01:06:32]} {[%emt 00:07:26]}
Nd5 {[%clk 01:10:52]} {[%emt 00:02:53]} 15. e4 {[%clk 00:58:51]} {[%emt
00:08:11]} Nb4 {[%clk 01:09:44]} {[%emt 00:01:37]} 16. d5 {[%clk 00:59:09]}
{[%emt 00:00:13]} Bd6 {[%clk 01:02:07]} {[%emt 00:08:06]} 17. Ng4 {[%clk
00:56:02]} {[%emt 00:03:37]} exd5 {[%clk 00:55:59]} {[%emt 00:06:38]} 18. exd5
{[%clk 00:56:23]} {[%emt 00:00:10]} Nd3 {[%clk 00:51:34]} {[%emt 00:04:54]} 19.
b3 {[%clk 00:33:00]} {[%emt 00:23:54]} Nxc1 {[%clk 00:47:49]} {[%emt 00:04:14]}
20. Qxc1 {[%clk 00:31:53]} {[%emt 00:01:37]} cxb3 {[%clk 00:48:13]} {[%emt
00:00:06]} 21. Qb2 {[%clk 00:26:34]} {[%emt 00:05:50]} Nd7 {[%clk 00:43:46]}
{[%emt 00:04:56]} 22. Qxb3 {[%clk 00:26:24]} {[%emt 00:00:41]} Qb6 {[%clk
00:43:45]} {[%emt 00:00:30]} 23. Ne3 {[%clk 00:20:30]} {[%emt 00:06:24]} Bc5
{[%clk 00:41:46]} {[%emt 00:02:28]} 24. Nd1 {[%clk 00:09:11]} {[%emt 00:11:51]}
Bd4 {[%clk 00:32:45]} {[%emt 00:09:30]} 25. Nc3 {[%clk 00:08:25]} {[%emt
00:01:16]} b4 {[%clk 00:32:10]} {[%emt 00:01:05]} 26. Ne4 {[%clk 00:07:47]}
{[%emt 00:01:08]} Nc5 {[%clk 00:31:14]} {[%emt 00:01:26]} 27. Nxc5 {[%clk
00:06:43]} {[%emt 00:01:35]} Qxc5 {[%clk 00:31:37]} {[%emt 00:00:07]} 28. Qa2
{[%clk 00:04:46]} {[%emt 00:02:27]} Rb8 {[%clk 00:30:27]} {[%emt 00:01:39]} 29.
Rb1 {[%clk 00:01:19]} {[%emt 00:03:58]} b3 {[%clk 00:28:55]} {[%emt 00:02:03]}
30. Qd2 {[%clk 00:00:34]} {[%emt 00:01:15]} g6 {[%clk 00:27:02]} {[%emt
00:02:22]} 31. Bf3 {[%clk 00:00:39]} {[%emt 00:00:25]} b2 {[%clk 00:25:37]}
{[%emt 00:01:55]} 32. Kg2 {[%clk 00:00:59]} {[%emt 00:00:10]} Rb6 {[%clk
00:23:20]} {[%emt 00:02:47]} 33. Be4 {[%clk 00:00:36]} {[%emt 00:00:53]} Rb4
{[%clk 00:21:38]} {[%emt 00:02:12]} 34. Bf3 {[%clk 00:00:34]} {[%emt 00:00:33]}
h5 {[%clk 00:21:17]} {[%emt 00:00:50]} 35. Qe2 {[%clk 00:00:32]} {[%emt
00:00:33]} Kg7 {[%clk 00:20:01]} {[%emt 00:01:45]} 36. h3 {[%clk 00:00:33]}
{[%emt 00:00:30]} Rb3 {[%clk 00:17:36]} {[%emt 00:02:54]} 37. Be4 {[%clk
00:00:35]} {[%emt 00:00:30]} Rb6 {[%clk 00:16:51]} {[%emt 00:01:14]} 38. Bf3
{[%clk 00:00:32]} {[%emt 00:00:33]} Qc3 {[%clk 00:15:12]} {[%emt 00:02:07]} 39.
Be4 {[%clk 00:00:33]} {[%emt 00:00:31]} Rf6 {[%clk 00:13:37]} {[%emt 00:02:04]}
40. Rf1 {[%clk 00:00:44]} {[%emt 00:00:19]} Bc5 {[%clk 00:08:55]} {[%emt
00:05:11]} 41. Qd3 {[%clk 00:28:03]} {[%emt 00:03:12]} Qb4 {[%clk 00:38:38]}
{[%emt 00:00:47]} 42. h4 {[%clk 00:27:53]} {[%emt 00:00:41]} Ra6 {[%emt
00:08:36]} 43. Rb1 {[%clk 00:27:07]} Ra4 {[%clk 00:27:45]} {[%emt 00:04:32]} 44.
Bf3 {[%clk 00:27:03]} {[%emt 00:00:35]} Ra3 {[%clk 00:25:35]} {[%emt 00:02:40]}
45. Qe4 {[%clk 00:13:40]} {[%emt 00:13:53]} Bd4 {[%clk 00:20:26]} {[%emt
00:05:38]} 46. Rd1 {[%clk 00:10:38]} {[%emt 00:03:34]} Qb6 {[%emt 00:12:24]} 47.
Rb1 {[%clk 00:04:34]} Ra1 {[%clk 00:12:39]} {[%emt 00:02:56]} 48. Be2 {[%clk
00:02:34]} {[%emt 00:02:30]} Qf6 {[%clk 00:10:51]} {[%emt 00:02:18]} 49. f3
{[%clk 00:00:33]} {[%emt 00:02:33]} Rxb1 {[%clk 00:09:11]} {[%emt 00:02:10]} 50.
Qxb1 {[%clk 00:00:58]} {[%emt 00:00:05]} Qe5 {[%clk 00:09:26]} {[%emt
00:00:13]} 51. Bc4 {[%clk 00:00:31]} {[%emt 00:00:58]} Qc7 {[%clk 00:07:13]}
{[%emt 00:02:42]} 52. Bd3 {[%clk 00:00:32]} {[%emt 00:00:30]} Qc1 {[%clk
00:07:20]} {[%emt 00:00:22]} 53. Kh3 {[%clk 00:00:34]} {[%emt 00:00:30]} Kf6
{[%clk 00:04:55]} {[%emt 00:02:55]} 54. f4 {[%clk 00:00:42]} {[%emt 00:00:22]}
Ke7 {[%clk 00:03:28]} {[%emt 00:01:56]} 55. Be4 {[%clk 00:00:35]} {[%emt
00:00:39]} f5 {[%clk 00:03:11]} {[%emt 00:00:46]} 56. Bd3 {[%clk 00:00:37]}
{[%emt 00:00:28]} Kd6 {[%clk 00:02:06]} {[%emt 00:01:34]} 57. Kg2 {[%clk
00:00:58]} {[%emt 00:00:10]} Bc5 {[%clk 00:01:38]} {[%emt 00:00:58]} 58. Kf3
{[%clk 00:00:35]} {[%emt 00:00:53]} Kxd5 {[%clk 00:01:16]} {[%emt 00:00:52]} 59.
Qa2+ {[%clk 00:00:33]} {[%emt 00:00:32]} Kd4 {[%clk 00:01:34]} {[%emt
00:00:11]} 60. Qb3 {[%clk 00:00:32]} {[%emt 00:00:31]} Qe3+ {[%clk 00:01:24]}
{[%emt 00:00:40]} 61. Kg2 {[%clk 00:00:59]} {[%emt 00:00:03]} Qd2+ {[%clk
00:01:29]} {[%emt 00:00:25]} 62. Kh3 {[%clk 00:01:00]} {[%emt 00:00:30]} Qxd3
{[%clk 00:01:24]} {[%emt 00:00:35]} 63. Qxb2+ {[%clk 00:01:26]} {[%emt
00:00:04]} Kc4 {[%clk 00:01:42]} {[%emt 00:00:12]} 64. Qa2+ {[%clk 00:01:46]}
{[%emt 00:00:10]} Kb5 {[%clk 00:01:39]} {[%emt 00:00:31]} 65. Qb2+ {[%clk
00:02:08]} {[%emt 00:00:09]} Ka4 {[%clk 00:01:46]} {[%emt 00:00:23]} 66. Qa2+
{[%clk 00:02:20]} {[%emt 00:00:19]} Ba3 {[%clk 00:02:10]} {[%emt 00:00:05]} 67.
Qg8 {[%clk 00:01:50]} {[%emt 00:01:00]} Qe4 {[%clk 00:02:16]} {[%emt 00:00:22]}
68. Kh2 {[%clk 00:02:10]} {[%emt 00:00:12]} Bc5 {[%clk 00:02:12]} {[%emt
00:00:33]} 69. Qa2+ {[%clk 00:02:31]} {[%emt 00:00:11]} Kb5 {[%clk 00:02:07]}
{[%emt 00:00:35]} 70. Qb2+ {[%clk 00:02:55]} {[%emt 00:00:06]} Bb4 {[%clk
00:02:17]} {[%emt 00:00:18]} 71. Qg7 {[%clk 00:03:21]} {[%emt 00:00:05]} Qc2+
{[%clk 00:01:44]} {[%emt 00:01:02]} 72. Kh3 {[%clk 00:03:46]} {[%emt 00:00:06]}
Qc6 {[%clk 00:01:46]} {[%emt 00:00:26]} 73. Kh2 {[%clk 00:04:09]} {[%emt
00:00:08]} Bc3 {[%clk 00:01:51]} {[%emt 00:00:25]} 74. Qf7 {[%clk 00:04:28]}
{[%emt 00:00:12]} Kb4 {[%clk 00:02:10]} {[%emt 00:00:11]} 75. Qe7+ {[%clk
00:04:40]} {[%emt 00:00:18]} Kb3 {[%clk 00:02:27]} {[%emt 00:00:12]} 76. Qa7
{[%clk 00:04:34]} {[%emt 00:00:38]} Qe6 {[%clk 00:01:54]} {[%emt 00:01:01]} 77.
Kh3 {[%clk 00:04:46]} {[%emt 00:00:21]} Qe4 {[%clk 00:01:18]} {[%emt 00:01:05]}
78. Qb6+ {[%clk 00:05:06]} {[%emt 00:00:11]} Kc2 {[%clk 00:01:28]} {[%emt
00:00:20]} 79. Qf2+ {[%clk 00:05:13]} {[%emt 00:00:22]} Kd1 {[%clk 00:01:45]}
{[%emt 00:00:13]} 80. Qg1+ {[%clk 00:05:10]} {[%emt 00:00:34]} Be1 {[%clk
00:01:58]} {[%emt 00:00:16]} 81. Qf1 {[%clk 00:05:18]} {[%emt 00:00:24]} Qe2
{[%clk 00:02:08]} {[%emt 00:00:18]} 82. Qg1 {[%clk 00:05:28]} {[%emt 00:00:20]}
Qg4+ {[%clk 00:02:01]} {[%emt 00:00:38]} 83. Kh2 {[%clk 00:05:54]} {[%emt
00:00:05]} Qxg3+ {[%clk 00:02:15]} {[%emt 00:00:15]} 0-1

[Event "European Chess Club Cup 2023"]
[Site "Durres, Albania"]
[Date "2023.10.02"]
[Round "2.22"]
[White "Cornette, Matthieu"]
[Black "Luque Saiz, Andres"]
[Result "1-0"]
[TimeControl "90' + 30' & 30\""]
[WhiteElo "2581"]
[BlackElo "2339"]

1. e4 {[%clk 01:30:55]} {[%emt 00:00:04]} c5 {[%clk 01:30:39]} {[%emt
00:00:22]} 2. Nf3 {[%clk 01:30:55]} {[%emt 00:00:29]} a6 {[%clk 01:31:00]}
{[%emt 00:00:09]} 3. g3 {[%clk 01:25:49]} {[%emt 00:05:37]} Nc6 {[%clk
01:30:13]} {[%emt 00:01:17]} 4. Bg2 {[%clk 01:24:37]} {[%emt 00:01:42]} g6
{[%clk 01:29:51]} {[%emt 00:00:52]} 5. d4 {[%clk 01:16:36]} {[%emt 00:08:31]}
cxd4 {[%clk 01:28:01]} {[%emt 00:02:20]} 6. Nxd4 {[%clk 01:16:59]} {[%emt
00:00:06]} Bg7 {[%clk 01:28:16]} {[%emt 00:00:16]} 7. Ne2 {[%clk 01:17:23]}
{[%emt 00:00:06]} b5 {[%clk 01:15:52]} {[%emt 00:12:54]} 8. Nbc3 {[%clk
01:12:21]} {[%emt 00:05:32]} Rb8 {[%clk 01:06:09]} {[%emt 00:10:13]} 9. O-O
{[%clk 01:10:52]} {[%emt 00:01:59]} d6 {[%clk 01:02:07]} {[%emt 00:04:33]} 10.
h3 {[%clk 01:06:45]} {[%emt 00:04:37]} Nf6 {[%clk 00:56:55]} {[%emt 00:05:42]}
11. Nd5 {[%clk 01:05:33]} {[%emt 00:01:40]} O-O {[%clk 00:55:08]} {[%emt
00:02:17]} 12. Bg5 {[%clk 01:03:24]} {[%emt 00:02:40]} Nd7 {[%clk 00:49:40]}
{[%emt 00:05:59]} 13. Qc1 {[%clk 01:01:26]} {[%emt 00:02:27]} Re8 {[%clk
00:48:01]} {[%emt 00:02:09]} 14. Rd1 {[%clk 00:57:55]} {[%emt 00:04:01]} Bb7
{[%clk 00:38:36]} {[%emt 00:09:55]} 15. c3 {[%clk 00:52:50]} {[%emt 00:05:35]}
Nb6 {[%clk 00:30:00]} {[%emt 00:09:06]} 16. b3 {[%clk 00:43:03]} {[%emt
00:10:17]} Rc8 {[%clk 00:24:20]} {[%emt 00:06:10]} 17. Rb1 {[%clk 00:35:33]}
{[%emt 00:08:00]} Nd7 {[%clk 00:17:39]} {[%emt 00:07:11]} 18. Qd2 {[%clk
00:34:27]} {[%emt 00:01:35]} Nc5 {[%clk 00:08:11]} {[%emt 00:09:59]} 19. Kh2
{[%clk 00:28:19]} {[%emt 00:06:38]} Rb8 {[%clk 00:06:24]} {[%emt 00:02:17]} 20.
f3 {[%clk 00:23:46]} {[%emt 00:05:03]} Ne6 {[%clk 00:05:13]} {[%emt 00:01:40]}
21. Be3 {[%clk 00:23:52]} {[%emt 00:00:24]} Nc5 {[%clk 00:04:41]} {[%emt
00:01:03]} 22. Rbc1 {[%clk 00:13:54]} {[%emt 00:10:29]} a5 {[%clk 00:02:04]}
{[%emt 00:03:06]} 23. Bf2 {[%clk 00:10:15]} {[%emt 00:04:08]} e6 {[%clk
00:01:01]} {[%emt 00:01:34]} 24. Ndf4 {[%clk 00:10:10]} {[%emt 00:00:34]} Bf8
{[%clk 00:01:03]} {[%emt 00:00:29]} 25. Nd4 {[%clk 00:07:51]} {[%emt 00:02:49]}
Nxd4 {[%clk 00:00:41]} {[%emt 00:00:53]} 26. cxd4 {[%clk 00:08:03]} {[%emt
00:00:17]} Nd7 {[%clk 00:00:45]} {[%emt 00:00:26]} 27. d5 {[%clk 00:06:34]}
{[%emt 00:01:58]} e5 {[%clk 00:00:41]} {[%emt 00:00:35]} 28. Nd3 {[%clk
00:06:39]} {[%emt 00:00:24]} h5 {[%clk 00:00:34]} {[%emt 00:00:38]} 29. h4
{[%clk 00:06:10]} {[%emt 00:00:59]} Kh7 {[%clk 00:00:58]} {[%emt 00:00:07]} 30.
Be3 {[%clk 00:06:20]} {[%emt 00:00:19]} b4 {[%clk 00:00:33]} {[%emt 00:00:55]}
31. Bh3 {[%clk 00:05:48]} {[%emt 00:01:02]} Be7 {[%clk 00:00:40]} {[%emt
00:00:23]} 32. Rc2 {[%clk 00:03:42]} {[%emt 00:02:36]} Ba6 {[%clk 00:00:55]}
{[%emt 00:00:16]} 33. Rdc1 {[%clk 00:03:43]} {[%emt 00:00:29]} Bb5 {[%clk
00:00:53]} {[%emt 00:00:31]} 34. Nb2 {[%clk 00:02:20]} {[%emt 00:01:53]} Rf8
{[%clk 00:00:43]} {[%emt 00:00:41]} 35. Nc4 {[%clk 00:01:57]} {[%emt 00:00:53]}
Ra8 {[%clk 00:00:33]} {[%emt 00:00:40]} 36. a4 {[%clk 00:02:04]} {[%emt
00:00:22]} Bxc4 {[%clk 00:00:42]} {[%emt 00:00:21]} 37. Rxc4 {[%clk 00:02:09]}
{[%emt 00:00:25]} Nc5 {[%clk 00:00:35]} {[%emt 00:00:37]} 38. Qc2 {[%clk
00:01:00]} {[%emt 00:01:38]} Ra6 {[%clk 00:00:48]} {[%emt 00:00:18]} 39. Rf1
{[%clk 00:01:06]} {[%emt 00:00:25]} Kg7 {[%clk 00:00:36]} {[%emt 00:00:42]} 40.
f4 {[%clk 00:00:56]} {[%emt 00:00:39]} exf4 {[%clk 00:00:35]} {[%emt 00:00:31]}
41. Rxf4 {[%clk 00:27:01]} {[%emt 00:04:25]} Ra8 {[%clk 00:22:54]} {[%emt
00:08:11]} 42. Bd4+ {[%clk 00:19:52]} {[%emt 00:07:39]} Kg8 {[%clk 00:22:47]}
{[%emt 00:00:38]} 43. Rf2 {[%clk 00:19:32]} {[%emt 00:00:49]} Nd7 {[%clk
00:19:11]} {[%emt 00:04:07]} 44. Rc7 {[%clk 00:19:10]} {[%emt 00:00:51]} Nc5
{[%clk 00:07:25]} {[%emt 00:12:16]} 45. Rc6 {[%clk 00:18:12]} {[%emt 00:01:28]}
Nd7 {[%clk 00:07:37]} {[%emt 00:00:18]} 46. e5 {[%clk 00:17:16]} {[%emt
00:01:26]} Kh7 {[%clk 00:04:38]} {[%emt 00:03:28]} 47. exd6 {[%clk 00:15:18]}
{[%emt 00:02:29]} Bf6 {[%clk 00:04:46]} {[%emt 00:00:22]} 48. Bxf6 {[%clk
00:15:23]} {[%emt 00:00:25]} Nxf6 {[%clk 00:05:13]} {[%emt 00:00:03]} 49. d7
{[%clk 00:15:42]} {[%emt 00:00:10]} Ng4+ {[%clk 00:03:12]} {[%emt 00:02:32]} 50.
Bxg4 {[%clk 00:16:07]} {[%emt 00:00:05]} hxg4 {[%clk 00:03:40]} {[%emt
00:00:02]} 51. Rxf7+ {[%clk 00:16:27]} {[%emt 00:00:10]} 1-0